Projektive Geometrie /
Guardado en:
| Autor Principal: | |
|---|---|
| Formato: | Libro |
| Idioma: | German |
| Publicado: |
Basel :
Birkhäuser,
1954.
|
| Edición: | 3., erw. Aufl. |
| Series: | Lehrbücher und Monographien aus dem Gebiete der exakten Wissenschaften. Mathematische Reihe ;
Bd. 17 |
| Etiquetas: |
Agregar Etiqueta
Sin Etiquetas, Sea el primero en etiquetar este registro!
|
| LEADER | 00653nam a22001815a 4500 | ||
|---|---|---|---|
| 001 | MAT.inmabb000709 | ||
| 008 | 031118s1954####sz############001#0#ger#d | ||
| 005 | 20130311112131.0 | ||
| 245 | 1 | 0 | |a Projektive Geometrie / |c von Wilhelm Blaschke. |
| 250 | |a 3., erw. Aufl. | ||
| 260 | |a Basel : |b Birkhäuser, |c 1954. | ||
| 300 | |a 197 p. ; |c cm. | ||
| 440 | 0 | |a Lehrbücher und Monographien aus dem Gebiete der exakten Wissenschaften. |p Mathematische Reihe ; |v Bd. 17 | |
| 510 | 4 | |a MR, |c 16,63e | |
| 100 | 1 | |a Blaschke, Wilhelm, |d 1885-1962. | |
| 084 | |a 51-01 (51A05 51A30) |2 msc2000 | ||
| 859 | |h 51 |i B644p |p A-520 |b BIB. MATEMATICA | ||
| 859 | |h 51 |i B644p |p A-8170 |t Ej. 2 |b BIB. MATEMATICA | ||
